00433pab a2200145 454500008004000000100001800040245008200058260000900140300001600149362001100165650003100176650002700207650001900234773003400253180718b2005 xxu||||| |||| 00| 0 eng d aGhosh, Jayati aTwelfth Finance Commission and restructuring of state government debt: a note c2005 ap.3435-439. a30 Jul aTwelfth Finance Commission aPublic finance - India aPublic finance aEconomic and Political Weekly